People on American Currency - Statistics

General Stats
  • This quiz has been taken 58 times
  • The average score is 10 of 11
Answer Stats
Picture Answer % Correct
Abraham Lincoln
100%
George Washington
100%
Abraham Lincoln
98%
Benjamin Franklin
98%
Ulysses Grant
92%
Andrew Jackson
90%
Alexander Hamilton
88%
George Washington
88%
Thomas Jefferson
86%
Thomas Jefferson
80%
Franklin D. Roosevelt
76%
No matching quizzes found
Score Distribution
Percent of People with Each Score
Percentile by Number Answered
Your Score History
You have not taken this quiz